000 00461nam a2200145Ia 4500
008 181023s9999 xx 000 0 und d
020 _a9781259412387
100 _aBudd, John W.
245 _cJohn W. Budd.--
_aLabor relations :
_bstriking a balance /
250 _a5th ed
260 _aNew York :
_bMcGraw Hill
_c2018
300 _axvii, 558 pages.
500 _aIncludes bibliographic references and index.
650 _aIndustrial relations -- United States.
999 _c359371
_d359371